La preparación metodológica de los docentes desde una perspectiva desarrolladora

Propone elaborar una estrategia metodológica soportada en indicadores, con el fin de preparar al docente para dirigir el proceso de aprendizaje desde una perspectiva desarrolladora.

Gespeichert in:
Bibliographische Detailangaben
1. Verfasser: González Celis, Migdalis Coromoto
Körperschaft: e-libro, Corp
Weitere Verfasser: Durán Castañeda, Ana del Carmen (RegisseurIn), Infante Villafañe, Martha (RegisseurIn)
Format: E-Book
Sprache:Spanisch
Veröffentlicht: La Habana : Editorial Universitaria, 2012.
Schlagworte:
Online-Zugang:https://elibro.unach.elogim.com/es/lc/unach/titulos/90387
Tags: Tag hinzufügen
Keine Tags, Fügen Sie den ersten Tag hinzu!

MARC

LEADER 00000nam a2200000 a 4500
001 ELB90387
003 FlNmELB
006 m o d |
007 cr cn|||||||||
008 201201r2012 cu |||||s|||||||||||spa d
024 8 |z Tesis 
035 |a (MiAaPQ)EBC3201036 
035 |a (Au-PeEL)EBL3201036 
035 |a (CaPaEBR)ebr10584326 
035 |a (OCoLC)929370099 
040 |a FlNmELB  |b spa  |c FlNmELB 
050 4 |a LA173  |b G6439 2012 
080 |a 378 
082 0 4 |a 378  |2 22 
100 1 |a González Celis, Migdalis Coromoto. 
245 1 3 |a La preparación metodológica de los docentes desde una perspectiva desarrolladora  |h [recurso electronico]  |c Migdalis Coromoto González Celis. 
260 |a La Habana :  |b Editorial Universitaria,  |c 2012. 
300 |a 148 p. 
500 |a Tesis (doctorado) - Instituto Pedagógico Latinoamericano y Caribeño (IPLAC). 
520 |a Propone elaborar una estrategia metodológica soportada en indicadores, con el fin de preparar al docente para dirigir el proceso de aprendizaje desde una perspectiva desarrolladora. 
533 |a Recurso electrónico. Santa Fe, Arg.: e-libro, 2015. Disponible vía World Wide Web. El acceso puede estar limitado para las bibliotecas afiliadas a e-libro. 
650 4 |a Educación.  |x Currículos. 
650 4 |a Education.  |x Curricula. 
655 4 |a Libros electrónicos. 
700 1 |a Durán Castañeda, Ana del Carmen.  |4 drt 
700 1 |a Infante Villafañe, Martha.  |4 drt 
710 2 |a e-libro, Corp. 
856 4 0 |u https://elibro.unach.elogim.com/es/lc/unach/titulos/90387